000 01155nam a2200361 a 4500
001 64768
003 FlNmELB
005 20241217142553.0
006 m o d |
007 cr cn|||||||||
008 130604s2004 ag s 000 0 spa d
020 _z141352561X
035 _a(MiAaPQ)EBC3158107
035 _a(Au-PeEL)EBL3158107
035 _a(CaPaEBR)ebr10053650
035 _a(OCoLC)1010724872
040 _aFlNmELB
_bspa
_cFlNmELB
050 4 _aHX276
_bM392 2004eb
080 _a330.84
100 1 _aMarx, Karl,
_d1818-1883.
245 1 0 _aCritica del programa de Gotha
_h[recurso electronico]
_cKarl Marx.
260 _aSanta Fe :
_bEl Cid Editor,
_c[2004]
300 _a7-56 p.
533 _aRecurso electrónico. Santa Fe, Arg.: e-libro, 2015. Disponible vía World Wide Web. El acceso puede estar limitado para las bibliotecas afiliadas a e-libro.
650 4 _aSocialismo.
650 4 _aComunismo.
650 0 _aSocialism
_zGermany.
650 0 _aCommunism.
651 4 _aAlemania.
655 4 _aLibros electrónicos.
710 2 _ae-libro, Corp.
856 4 0 _uhttps://elibro.net/ereader/politecnicointernacional/35466
999 _c64768
_d64768